| 000 | 00807cab a2200253 4500 | ||
|---|---|---|---|
| 001 | WB3105-07 | ||
| 008 | 090401t1995 xxu||||| |||| 00| 0 eng d | ||
| 035 | _a(Sirsi) u19058 | ||
| 041 | _aeng | ||
| 245 | _aContaminated land protection | ||
| 260 | _c1995 | ||
| 350 | _a0 | ||
| 490 |
_aRICS Press Release _v(PR10/95) 2 February 1995 (2) |
||
| 520 | _aAn amendment to the Environment Bill, relieving receivers of contaminated land of personal liability for clean-up costs, has been accepted in the House of Lords and welcomed by the RICS. | ||
| 650 | _aCLEAN-UP | ||
| 650 | _aCONTAMINATED LAND | ||
| 650 | _aPERSONAL LIABILITY | ||
| 650 | _aRECEIVERS OF LAND | ||
| 650 | _aREMEDIATION | ||
| 690 | _aENVIRONMENTAL AND LAND CONSULTANCY | ||
| 690 | _aLAND | ||
| 942 | _n0 | ||
| 948 | _c04/03/1997 | ||
| 999 |
_c12689 _d12689 |
||